Liczby od 1-10 w różnych językach! #7 Bułgarski - Statystyki

Ogólne statystyki
  • Ten quiz został rozwiązany 9 razy
  • Średni wynik to 5 z 10
Statystyki odpowiedzi
# Liczba % Poprawnych
3 Tri
100%
10 Deset
50%
9 Devet
50%
8 Osem
50%
7 Sedem
50%
2 Dve
38%
5 Pet
38%
6 Shest
38%
1 Edno
25%
4 Chetiri
13%
Nie znaleziono quizów pasujących do podanych kryteriów
Rozkład punktacji
Procent ludzi z każdym wynikiem
Percentyl według liczby udzielonych odpowiedzi
Twoja historia wyników
Nie rozwiązałeś tego quizu